[Event "La Fere op"]
[Site "La Fere"]
[Date "2010.07.03"]
[Round "1"]
[White "Oziol, Joris"]
[Black "Lever, Erwan"]
[Result "0-1"]
[WhiteElo "1730"]
[BlackElo "1595"]
[PlyCount "84"]
[EventDate "2010.07.03"]
[EventType "swiss"]
[EventRounds "9"]
[EventCountry "FRA"]
[SourceTitle "CBM 137 Extra"]
[Source "ChessBase"]
[SourceDate "2010.09.01"]
[SourceVersion "1"]
[SourceVersionDate "2010.09.01"]
[SourceQuality "1"]

1. c4 Nf6 2. Nc3 c5 3. Nf3 d6 4. g3 g6 5. Bg2 Bg7 6. 0-0 Nc6 7. d4 cxd4 8. Nxd4 Nxd4 9. Qxd4 0-0 10. Rb1 Bf5 11. Ra1 Ne4 12. Qe3 Nxc3 13. bxc3 Rb8 14. Bb2 b6 15. Be4 Bxe4 16. Qxe4 Qc7 17. Rac1 Rbc8 18. Rfe1 Bf6 19. Qf3 Qxc4 20. a3 Qc6 21. e4 Bg7 22. Qe2 Qc4 23. Qc2 Rc5 24. Re3 Bh6 25. f4 e5 26. Rf3 d5 27. Re1 d4 28. Qe2 dxc3 29. Bxc3 Qxe2 30. Rxe2 exf4 31. gxf4 Bxf4 32. Bb4 Bd6 33. Bxc5 Bxc5+ 34. Kg2 Re8 35. Rd3 f5 36. e5 a5 37. Rd7 Bxa3 38. h4 Re7 39. e6 Kg7 40. Kf3 Kf6 41. Rxe7 Bxe7 42. Kf4 b5 0-1